000 00707nam a22002417a 4500
003 UA-OsUOA
001 69863
007 ta
008 20100707b un ||||| |||| 00| 0 ukr d
100 _aДудла І. О.
090 _a346.548:366.5(075.8)
_bД81
942 _cBK
040 _aUA-OsUOA
_bukr
_cUA-OsUOA
_dUA-OsUOA
245 _aЗахист прав споживачів
300 _a448 с.
955 _a2
041 _aukr
080 _a346.548:366.5(075.8)
020 _a978-966-364-430-1
260 _aК.
_c2007
650 7 _a346 Господарське право. Правові основи державного регулювання економікою
_2UDC
999 _c356059
_d356059